LEADER 00953oam 2200277z- 450 001 996280127503316 005 20150714083317.0 010 $a1-4799-0174-1 035 $a(CKB)3460000000126143 035 $a(EXLCZ)993460000000126143 100 $a20220628c2013uuuu -u- - 101 0 $aeng 200 10$a2013 IEEE/ACIS 12th International Conference on Computer and Information Science (ICIS 2013) $eNiigata, Japan, 16-20 June 2013 210 $cIEEE 311 $a1-4799-0173-3 517 $a2013 IEEE/ACIS 12th International Conference on Computer and Information Science 517 $aComputer and Information Science 606 $aComputer science$vCongresses 606 $aInformation science$vCongresses 615 0$aComputer science 615 0$aInformation science 712 02$aInstitute of Electrical and Electronics Engineers. 906 $aPROCEEDING 912 $a996280127503316 996 $a2013 IEEE$92088087 997 $aUNISA LEADER 00993nam a2200289 i 4500 001 991001462689707536 005 20020507193918.0 008 981007s1998 us ||| | eng 020 $a0691057540 035 $ab10850879-39ule_inst 035 $aLE01312622$9ExL 040 $aDip.to Matematica$beng 082 0 $a516.242 084 $aAMS 01A 084 $aQA531.M394 100 1 $aMaor, Eli$028274 245 10$aTrigonometric delights /$cEli Maor 260 $aPrinceton, N.J. :$bPrinceton Univ. Press,$cc1998 300 $axiv, 236 p. :$bill., maps ;$c24 cm. 500 $aIncludes bibliographical references (p. [225]-227) and index 650 4$aTrigonometry 907 $a.b10850879$b21-09-06$c28-06-02 912 $a991001462689707536 945 $aLE013 01A MAO13 (1998)$g1$i2013000102023$lle013$o-$pE0.00$q-$rl$s- $t0$u0$v0$w0$x0$y.i10962323$z28-06-02 996 $aTrigonometric delights$9918378 997 $aUNISALENTO 998 $ale013$b01-01-98$cm$da $e-$feng$gus $h0$i1